Players representing both Ajax and Feyenoord - Statistics

General Stats
  • This quiz has been taken 93 times
    77 since last reset
  • The average score is 6 of 52
Answer Stats
Year Answer New Team Previous Club % Correct
Player 2014 Kenneth Vermeer Feyenoord Ajax
78%
Player 1983 Johan Cruijff Feyenoord Ajax
72%
Player 1995 Ronald Koeman Feyenoord FC Barcelona
45%
Manager 2011 Ronald Koeman Feyenoord AZ
45%
Player 2021 Steven Berghuis Ajax Feyenoord
33%
Player 1980 Wim Jansen Ajax Washington Diplomats
27%
Youth 2006 Kostas Lamprou Feyenoord v.v. Amstelveen/Heemraad
22%
Player 2017 Kostas Lamprou Ajax Willem II
22%
Manager 2016 Peter Bosz Ajax Maccabi Tel Aviv
22%
Player 2006 Angelos Charisteas Feyenoord Ajax
17%
Youth 2013 Noa Lang Ajax Feyenoord
17%
Player 1989 Arnold Scholten Feyenoord Ajax
15%
Player 1995 Arnold Scholten Ajax Feyenoord
15%
Player 2007 Leonardo Vitor Santiago Ajax NAC Breda
12%
Player 1991 Rob Witschge Feyenoord AS Saint-Étienne
12%
Player 1984 Johnny Rep Feyenoord PEC Zwolle
10%
Manager 1997 Leo Beenhakker Feyenoord Vitesse
10%
Player 1963 Henk Groot Feyenoord Ajax
8%
Player 1965 Henk Groot Ajax Feyenoord
8%
Player 2002 Henk Timmer Ajax Feyenoord
8%
Player 2006 Henk Timmer Feyenoord AZ
8%
Player 1993 John van Loen Feyenoord Ajax
8%
Player 1974 Ruud Geels Ajax Club Brugge
8%
Youth 2014 Warner Hahn Feyenoord FC Dordrecht
8%
Player 1958 Eddy Pieters Graafland Feyenoord Ajax
7%
Player 2015 Jan-Arie van der Heijden Feyenoord Vitesse
7%
Player 1998 Peter van Vossen Feyenoord Glasgow Rangers
7%
Player 2010 Ronald Graafland Ajax Vitesse
7%
Player 2011 Ronald Graafland Feyenoord Ajax
7%
Player 2007 Tim de Cler Feyenoord AZ
7%
Player 1997 Dean Gorré Ajax FC Groningen
5%
Youth 2005 Evander Sno Feyenoord Ajax
5%
Player 2008 Evander Sno Ajax Celtic
5%
Player 1984 Simon Tahamata Feyenoord Standard Liege
5%
Player 1977 Jan Everse Ajax Feyenoord
3%
Player 1985 Keje Molenaar Feyenoord FC Volendam
3%
Player 1969 Theo van Duivenbode Feyenoord Ajax
3%
Player 1985 Tscheu La Ling Feyenoord Olympique Marseille
3%
Manager 1982 Hans Kraay Feyenoord FC Den Haag
2%
Player 1987 Jan Sørensen Ajax Excelsior
2%
Youth 2014 Jurriën Timber Ajax Feyenoord
2%
Youth 2015 Marko Vejinović Feyenoord Vitesse
2%
Player 1988 Martin van Geel Feyenoord Roda JC
2%
Youth 2014 Quinten Timber Ajax Feyenoord
2%
Youth 1993 Richard Knopper Ajax Feyenoord
2%
Youth 2013 Anwar El Ghazi Ajax Sparta Rotterdam
0%
Youth 2014 Bilal Başacıkoğlu Feyenoord sc Heerenveen
0%
Youth 2001 Diego Biseswar Feyenoord Telstar
0%
Youth 2015 Eljero Elia Feyenoord Southampton
0%
Youth 1993 Harvey Esajas Feyenoord RSC Anderlecht
0%
Youth 2012 John Goossens Feyenoord NEC
0%
Player 1977 René Notten Feyenoord Ajax
0%
No matching quizzes found
Score Distribution
Percent of People with Each Score
Percentile by Number Answered
Your Score History
You have not taken this quiz since the last reset